Géographie de la France pour les nuls - Statistiques

Statistiques générales
  • Ce quiz a été pris 28 565 fois
    28 248 depuis la dernière actualisation
  • Le résultat moyen est 14 sur 20
Statistiques - réponses
Question Réponse % Correct
Dans quelle région se situe Paris ? Ile-de-France
95%
Sur quelle île se situe la ville de Bastia ? Corse
84%
Nommez un département français situé dans les Antilles Guadeloupe | Martinique
82%
Quel pays autre que l'Espagne borde la France dans les Pyrénées ? Andorre
81%
Quel est le grand quartier d'affaires du Grand Paris ? La Défense
81%
Dans quelle ville se trouve le quartier de la Part-Dieu ? Lyon
80%
Quel est le point culminant des Alpes ? Mont-Blanc
80%
Quelle forme géométrique est utilisée pour désigner la France métropolitaine ? Hexagone
79%
Quel est le plus long fleuve intégralement français ? Loire
78%
Quelle grande ville méditerranéenne est française depuis 1860 ? Nice
77%
Quel est le plus long fleuve passant par la France ? Rhin
77%
Avec quel pays non-européen la France partage-t-elle sa plus longue frontière ? Brésil
75%
Nommez un département de la région Bretagne Côtes-d'Armor | Finistère | Ille-et-Vilaine | Morbihan
74%
Quelle ville située sur la Manche accueille le plus grand port de commerce français ? Le Havre
74%
Quels pays frontalier possède un club ayant déjà gagné la Ligue 1 ? Monaco
71%
Quelle ville française est située tout près du tunnel sous la Manche ? Calais
66%
Quel territoire français du Pacifique a Nouméa pour chef-lieu ? Nouvelle-Calédonie
60%
Quel département nommé d'après un massif montagneux a pour préfecture Lons-le-Saunier ? Jura
56%
Quel est le département le plus peuplé ? Nord
38%
Quel estuaire français est le plus vaste d'Europe ? Estuaire de la Gironde
37%
Aucun quiz correspondant
Distribution des résultats
% des personnes avec chaque résultat
Percentile par nombre de réponses
Votre historique - résultats
Vous n’avez pas pris ce quiz depuis la dernière actualisation